00973nam a2200265 i 4500001000300000003000400003005001700007008004100024015001800065020001800083040001400101080001100115080001200126245012600138260006400264300002800328504003400356521002900390655003000419650002700449700004100476700005700517700003500574856009800609bgBPK20200103121751.0080925s2008 pl a f f |001 0 pol  aPB 2008/24113 a9788360501955 aWA NcBPK a005.94 a(075.8)00aZarządzanie wiedzą /cred. nauk. Dariusz Jemielniak, Andrzej K. Koźmiński ; aut. Aleksander Chrostowski [et al.]. aWarszawa :bWydawnictwa Akademickie i Profesjonalne,c2008. a555 s. :bil. ;c24 cm. aBibliogr. przy rozdz. Indeks.8 aPodręcznik akademicki. 4aPodręczniki akademickie 4aZarządzanie wiedzą1 aJemielniak, Dariuszd(1975- ).eRed.1 aKoźmiński, Andrzej Krzysztofd(1941- )eRedakcja1 aChrostowski, AleksandereAutor uhttp://koha.tu.koszalin.pl/cgi-bin/koha/opac-detail.pl?biblionumber=55971yKatalog online BPK